00421nam a2200145Ia 4500020001800000082001900018245007100037260004100108300001600149650002200165650001500187650002700202700002600229700002000255 a9789382059158 a381.71095 FRE; 0aFree trade and markets in healthcare: lessons from Asian countries aNew DelhibSynergy Books Indiac2013 axxviii, 180 aHEALTH FACILITIES aFREE TRADE aMEDICAL CARE : FINANCE aChakraborty, Debashis aStevens, Philip